| Tag |
First Indicator |
Second Indicator |
Subfields |
| LEADER |
00000ctm a2200000Ia 4500 |
| 001 |
in00000020528 |
| 005 |
20220104090752.0 |
| 008 |
880714s1987 xx bm 000 0 eng d |
| 035 |
|
|
|9 AAB3446AM
|
| 035 |
|
|
|a (OCoLC)18213172
|
| 035 |
|
|
|a (OCoLC)ocm18213172
|
| 040 |
|
|
|a TXA
|b eng
|c TXA
|d OCLCQ
|d OCLCF
|d OCLCO
|d OCLCQ
|d UMI
|d OCLCA
|d TXA
|
| 043 |
|
|
|a n-us-tx
|
| 049 |
|
|
|a TXAM
|
| 099 |
|
|
|a 1987
|a Dissertation
|a B386
|
| 100 |
1 |
|
|a Beaver, Barbara Evelyn.
|
| 245 |
1 |
0 |
|a Assertiveness training :
|b its effect upon academic achievement and self-concept of vocational nursing students.
|
| 264 |
|
1 |
|c 1987.
|
| 300 |
|
|
|a x, 153 leaves ;
|c 29 cm
|
| 336 |
|
|
|a text
|b txt
|2 rdacontent
|
| 337 |
|
|
|a unmediated
|b n
|2 rdamedia
|
| 338 |
|
|
|a volume
|b nc
|2 rdacarrier
|
| 500 |
|
|
|a Typescript (photocopy).
|
| 500 |
|
|
|a Vita.
|
| 502 |
|
|
|b Ph. D. in Curriculum and Instruction
|c Texas A & M University
|d 1987
|
| 504 |
|
|
|a Includes bibliographical references (leaves 80-87).
|
| 520 |
3 |
|
|a The purpose of this investigation was to determine the effect of assertiveness training on the self-concept and academic achievement of vocational nursing students. The subjects were 40 students enrolled in the vocational nursing program at Temple Junior College in Temple, Texas, during the summer 1986 semester. The subjects were randomly assigned to one of two groups. Treatment for the experimental group consisted of participation in an assertion training group. The control group received no treatment. Both groups completed the assessment tools. Research questions, aligned with the purpose, were as follows: (1) Is there a significant difference in assertive behavior between those students participating in assertiveness training and those students in a control group? (2) Is there a significant difference in self-concept between those students participating in assertiveness training and those students in a control group? (3) Is there a significant difference in academic achievement between those students participating in assertiveness training and those students in a control group? (4) Is there a significant relationship between levels of assertiveness and levels of self-concept? The research design was a randomized post-test only control group design. Assessment tools used to collect data were (1) Rathus Assertive Schedule, (2) Tennessee Self-Concept Scale and (3) end of semester GPA's were obtained for each subject. Research hypotheses were studied using a t-test to determine if differences existed between groups and a Pearson product-moment correlation was done to determine if a relationship existed between levels of assertiveness and levels of self-concept. Findings revealed no significant differences between groups on any of the dependent variables. No significant correlation was found between the levels of assertiveness and levels of self-concept.
|
| 650 |
|
0 |
|a Assertiveness (Psychology)
|
| 650 |
|
0 |
|a Assertiveness training.
|
| 650 |
|
0 |
|a Nursing students
|z Texas
|x Psychology.
|
| 650 |
|
4 |
|a Major curriculum and instruction.
|
| 655 |
|
7 |
|a Academic theses
|2 lcgft
|
| 700 |
1 |
|
|a Barker, Donald G.,
|e degree committee member.
|
| 700 |
1 |
|
|a Campbell, Jack,
|e degree committee member.
|
| 700 |
1 |
|
|a Johnson, Glenn R.,
|e degree supervisor.
|
| 700 |
1 |
|
|a Stenning, Walter F.,
|e degree committee member.
|
| 710 |
2 |
|
|a Texas A & M University,
|e degree granting institution.
|
| 856 |
4 |
1 |
|u http://proxy.library.tamu.edu/login?url=http://proquest.umi.com/pqdweb?did=754007961&sid=1&Fmt=2&clientId=2945&RQT=309&VName=PQD
|z Link to ProQuest copy
|t 0
|
| 856 |
4 |
1 |
|u https://hdl.handle.net/1969.1/DISSERTATIONS-26943
|z Link to OAKTrust copy
|t 0
|
| 994 |
|
|
|a C0
|b TXA
|
| 999 |
f |
f |
|s 979793af-fa2f-3323-ac4d-99d91b88153d
|i d0d08143-ac64-351a-adae-194820c6e1bb
|t 0
|
| 952 |
f |
f |
|p noncirc
|a Texas A&M University
|b J.J. Pickle Campus
|c High Density Repository
|s HDR
|d Remote Storage
|t 0
|e 1987 Dissertation B386
|h Other scheme
|i unmediated -- volume
|m A14839623426
|
| 952 |
f |
f |
|a Texas A&M University
|b College Station
|c Electronic Resources
|s www_evans
|d Available Online
|t 0
|e 1987 Dissertation B386
|h Other scheme
|
| 998 |
f |
f |
|a 1987 Dissertation B386
|t 0
|l Remote Storage
|
| 998 |
f |
f |
|a 1987 Dissertation B386
|t 0
|l Available Online
|